| 000 | 00633nam a2200205 i 4500 | ||
|---|---|---|---|
| 001 | 81478 | ||
| 003 | ES-MaACL | ||
| 005 | 20230906174438.0 | ||
| 007 | t| | ||
| 008 | 041104s1984 sp a |||| | spa d | ||
| 100 | 1 |
_aHurlbut, Cornelius S. _964768 |
|
| 245 | 1 | 0 |
_aManual de mineralogía de Dana / _cCornelius S. Hurlbut, Cornelis Klein ; [versión, José Aguilar Peris]. |
| 250 | _a3ª ed. | ||
| 260 |
_aBarcelona : _bReverté, _c1984. |
||
| 300 |
_aXII, 564 p. : _bil. ; _c24 cm. |
||
| 650 | 0 | 4 |
_aMineralogía. _915053 |
| 700 | 1 |
_aKlein, Cornelis. _968206 |
|
| 700 | 1 |
_aAguilar Peris, José. _918743 |
|
| 852 |
_aES-MaACL _jL-6359 |
||
| 999 |
_c81478 _d81478 |
||